Grammarway 2

Bibliographische Detailangaben
1. Verfasser: Dooley J. Jenny
Weitere Verfasser: Evans V. Virginia
Zusammenfassung:Grammarway 2 is the second book in a four-level grammar series in full colour. Designed for learners at post-elementary level, the book practises and revises English grammar structures systematically. This book can be used to supplement any main course at post-elementary level.
Sprache:Englisch
Veröffentlicht: Newbury, Express Publishing, 2020
Schriftenreihe:English Grammar Book
Schlagworte:
Format: MixedMaterials Buch
KOHA link:https://koha.lib.tpu.ru/cgi-bin/koha/opac-detail.pl?biblionumber=346291

MARC

LEADER 00000nam0a2200000 4500
001 346291
005 20231102005853.0
010 |a 9781844665969 
035 |a (RuTPU)RU\TPU\book\378171 
035 |a RU\TPU\book\332380 
090 |a 346291 
100 |a 20210802d2020 m y0engy50 ba 
101 0 |a eng 
102 |a GB 
105 |a a j 000zy 
200 1 |a Grammarway 2  |f J. Dooley, V. Evans 
210 |a Newbury  |c Express Publishing  |d 2020 
215 |a 160 p.  |c il. 
225 1 |a English Grammar Book 
330 |a Grammarway 2 is the second book in a four-level grammar series in full colour. Designed for learners at post-elementary level, the book practises and revises English grammar structures systematically. This book can be used to supplement any main course at post-elementary level. 
606 1 |a Английский язык  |x Учебные руководства и пособия для высшей школы  |x Пособия по грамматике  |2 stltpush  |3 (RuTPU)RU\TPU\subj\29073  |9 52485 
610 1 |a грамматика 
610 1 |a упражнения 
610 1 |a грамматические нормы 
610 1 |a грамматические предложения 
610 1 |a грамматические трудности 
610 1 |a учебные пособия 
686 |a Ш143.21-923.2  |v LBC/SL-A  |2 rubbk 
700 1 |a Dooley  |b J.  |g Jenny 
701 1 |a Evans  |b V.  |g Virginia 
801 1 |a RU  |b 63413507  |c 20030818  |g PSBO 
801 2 |a RU  |b 63413507  |c 20220929  |g PSBO 
942 |c BK